01308nam a2200325 i 450000500170000000700030001700800410002002000180006104000350007904100080011408200240012210000440014624500860019025000230027626400570029930000250035633600270038133700330040833800280044150501350046952100400060454500550064460000680069965000410076765000430080865000410085165000240089265000280091670000380094420220317002019.0ta201106s2019 ck ||||er|||| 00| edspa d a9789587149005 aCO-BoRNBPbspacCO-BoRNBPerda0 aspa04aCo864.08bC17d 2221 aCarrasquilla, Tomásd1858-1940eautor10aDiez ensayos cTomás Carrasquilla ; notas y glosario de Leticia Bernal Villegas aPrimera edición  1aMedellínbEditorial Universidad de Antioquiac2019 a145 páginasc19 cm 2rdacontentatextobtxt 2rdamediaasin mediaciónbn 2rdacarrieravolumenbnc tLos autostEl buen cinetLos torost¡Ave, oh vulgo!tHumotEscobastElogio de la vida sabiatVenenetetDiscos cortostTonterías aRecomendado para público adulto  aIncluye datos biográficos del autor en la solapa1 aCarrasquilla, Tomásd1858-1940xCrítica e interpretación 172LEMBaEnsayos colombianosySiglo XIX172LEMBaLiteratura colombianaySiglo XIX172LEMBaAutores colombianosxSiglo XIX172LEMBaCinevEnsayos172LEMBaMúsicavEnsayos1 aBernal Villegas, Leticiaeeditora